The Flying Fish Adventure / (Record no. 4470)
[ view plain ]
| 000 -LEADER | |
|---|---|
| fixed length control field | 00516nam a2200193 a 4500 |
| 003 - CONTROL NUMBER IDENTIFIER | |
| JCCL marc code | BD-JhCC |
| 005 - DATE AND TIME OF LATEST TRANSACTION | |
| control field | 20171127191450.0 |
| 008 - FIXED-LENGTH DATA ELEMENTS--GENERAL INFORMATION | |
| fixed length control field | 171123s1955 uk |||| ||a| 000 0 eng d |
| 035 ## - SYSTEM CONTROL NUMBER | |
| system control number | (BD-JhCC) |
| 040 ## - CATALOGING SOURCE | |
| Original cataloging agency | BD-JhCC |
| Modifying agency | BD-JhCC |
| 041 ## - LANGUAGE CODE | |
| Language code of Book | eng |
| 082 ## - DEWEY DECIMAL CLASSIFICATION NUMBER | |
| Classification number | 813.54 |
| Author mark and Year | SAV 1955 |
| 100 ## - MAIN ENTRY--PERSONAL NAME | |
| Personal name | Saville, Malcolm |
| 245 ## - TITLE STATEMENT | |
| Title | The Flying Fish Adventure / |
| Statement of responsibility, etc | Malcolm Saville |
| 260 ## - PUBLICATION, DISTRIBUTION, ETC. (IMPRINT) | |
| Place of publication, distribution, etc | London : |
| Name of publisher, distributor, etc | John Murray, Albemarle Street, |
| Date of publication, distribution, etc | 1955 |
| 300 ## - PHYSICAL DESCRIPTION | |
| Pagination | 174 p .: |
| Dimensions | 18 cm . |
| 650 ## - SUBJECT ADDED ENTRY--TOPICAL TERM | |
| Topical term or geographic name as entry element | Adventure fiction |
| 942 ## - ADDED ENTRY ELEMENTS (KOHA) | |
| Source of classification or shelving scheme | Dewey Decimal Classification |
| Koha item type | Books |
No items available.